000 00487 a2200169 4500
999 _c1668
_d1668
020 _a9781405331548
050 _aHF1359 POW 2008
100 _aPowell, Sarah
_eauthor
245 _aGlobalisation
_cSarah Powell & Pervez Ghauri
264 _aLondon
_bDorling Kindersley
_c2008
300 _a71p. :
_bill. (col.)
440 _aEssential managers.
500 _aincludes index
650 _aManagement.
_xGlobalization.
700 _aGhauri, Pervez
_eauthor
942 _2lcc
_cBK
_h1359
_iPOW
_kHF